Outer Banks Season 1 Episode 6 Quiz - Statistics

General Stats
  • This quiz has been taken 117 times
  • The average score is 7 of 16
Answer Stats
Question Answer % Correct
Does Sarah make Kiara uncomfortable? Yes
92%
What does Sarah get stung by? A Portuguese man-o-war
86%
Who beats up Barry? Ward
79%
What of Rafe's does Barry take off with? His motorcycle
68%
What did John B find? Gold
65%
What do the boys do to Sarah and Kiara? Trap them on a boat
56%
What is the name of this episode? Parcel 9
55%
What does Sarah say that Topper loves? The Idea of her/Being seen with her
47%
What does Sheriff Peterkin find on the uninhabited island? Big John's glasses
43%
Who was Mrs. Crain calling for? Leon
32%
Where do the Pouges end up while looking for the stone wall? The Crain house
25%
What does Ward call John B? (related to prison) The newest inmate
25%
The map they have is all wack because the _____ ___ ______. coast has changed
23%
Sarah warns John B that she ______. sleepwalks
18%
What do the Pouges call Mrs. Crain? Blind and possessed
17%
JJ says, "Not a ___________ [of water]." dropamino
8%
No matching quizzes found
Score Distribution
Percent of People with Each Score
Percentile by Number Answered
Your Score History
You have not taken this quiz